| 000 | 01537nam0a2200325 4500 | ||
|---|---|---|---|
| 001 | RU\NLR\bibl\364829 | ||
| 005 | 20260405131413.0 | ||
| 010 |
_a5-89329-532-3 _91000 |
||
| 021 |
_aRU _b2002-62139 _93019 |
||
| 035 | _a(NLR Aleph) 000359406 | ||
| 090 |
_a326081 _c326081 |
||
| 100 | _a20030210d2002 |||y0rusy50 ca | ||
| 101 | 1 |
_arus _ceng |
|
| 102 | _aRU | ||
| 105 | _ay ||||||||| | ||
| 200 | 1 |
_aВеликая трансформация. Политические и экономические истоки нашего времени _dThe great transformation. The political and economic origins of our time _eПолит. и эконом. истоки нашего времени _fКарл Поланьи _gПер. с англ. А.А. Васильева и др. _gПод общ. ред. С.Е. Федорова |
|
| 210 |
_aСПб. _cАлетейя _d2002 |
||
| 215 |
_a311, [2] с. _d22 |
||
| 225 | 1 |
_aPax Britannica _fРедкол.: Дмитриева О.В. и др. |
|
| 300 | _aАвт. также на англ. яз.: Karl Polanyi | ||
| 320 | _aБиблиогр. в подстроч. примеч. | ||
| 510 | 0 |
_aThe great transformation. The political and economic origins of our time _zeng |
|
| 606 | 0 |
_aНовая история _z19 - 20 вв. _92157204 _3RU\NLR\auth\661298559 |
|
| 686 | _aТ3(0)5,02 | ||
| 700 | 1 |
_4070 _8rus _7ca _aПоланьи _bК. _gКарл _f1886-1964 _3RU\NLR\auth\7752409 _935342 |
|
| 801 | 0 |
_aRU _bNLR _c20030210 _gPSBO |
|
| 801 | 1 |
_aRU _bNLR _c20030210 |
|
| 942 | _cBOOK | ||
| 980 | _aNB | ||